| 000 | 00451nam a2200169Ia 4500 | ||
|---|---|---|---|
| 003 | GCL | ||
| 008 | 140319s9999 xx 000 0 eng d | ||
| 040 |
_aGCL / _cGCL |
||
| 082 | 0 | 4 |
_a574.0221 _bW S |
| 100 | 1 | _aWOOD, PHYLLIS | |
| 245 | 1 | 0 |
_aSCIENTIFIC ILLUSTRATION / _cWOOD, PHYLLIS |
| 260 |
_a[S.N] : _bVAN NOSTRAND REINHOLD ، _c1995 |
||
| 300 | _a158 P | ||
| 650 | 0 | 4 | _aBIOLOGICAL ILLUSTRATION |
| 650 | 0 | 4 | _aMEDICAL ILLUSTRATION |
| 942 |
_2ddc _cBK |
||
| 999 |
_c13668 _d13668 |
||